MARC details
| 000 -LEADER |
| fixed length control field |
02688cam a2200565 i 4500 |
| 001 - CONTROL NUMBER |
| control field |
1133277689 |
| 003 - CONTROL NUMBER IDENTIFIER |
| control field |
OCoLC |
| 005 - DATE AND TIME OF LATEST TRANSACTION |
| control field |
20250625175549.0 |
| 007 - PHYSICAL DESCRIPTION FIXED FIELD--GENERAL INFORMATION |
| fixed length control field |
ta |||||||||||||||||||| |
| 008 - FIXED-LENGTH DATA ELEMENTS--GENERAL INFORMATION |
| fixed length control field |
191227t20202020nyua j 000 0 eng d |
| 020 ## - INTERNATIONAL STANDARD BOOK NUMBER |
| International Standard Book Number |
9781465489531 |
| Qualifying information |
(hbk.) |
| 020 ## - INTERNATIONAL STANDARD BOOK NUMBER |
| International Standard Book Number |
1465489533 |
| Qualifying information |
(hbk.) |
| 035 ## - SYSTEM CONTROL NUMBER |
| System control number |
(OCoLC)1133277689 |
| Canceled/invalid control number |
(OCoLC)1181838410 |
| -- |
(OCoLC)1199075321 |
| -- |
(OCoLC)1201227943 |
| -- |
(OCoLC)1204225711 |
| -- |
(OCoLC)1231947748 |
| -- |
(OCoLC)1242966452 |
| 040 ## - CATALOGING SOURCE |
| Original cataloging agency |
YDX |
| Language of cataloging |
eng |
| Description conventions |
rda |
| Transcribing agency |
YDX |
| Modifying agency |
BDX |
| -- |
OCLCQ |
| -- |
DAD |
| -- |
JPL |
| -- |
UAP |
| -- |
OCLCF |
| -- |
IUK |
| -- |
POR |
| -- |
OCLCO |
| -- |
OCL |
| -- |
DZM |
| -- |
TOP |
| -- |
NYP |
| -- |
CNCAR |
| -- |
LMJ |
| -- |
OCLCQ |
| -- |
OCLCO |
| 043 ## - GEOGRAPHIC AREA CODE |
| Geographic area code |
n-us--- |
| 050 #4 - LIBRARY OF CONGRESS CALL NUMBER |
| Classification number |
PN1995.9.V47 |
| Item number |
D35 2020 |
| 082 04 - DEWEY DECIMAL CLASSIFICATION NUMBER |
| Classification number |
791.437/5 |
| Edition number |
23 |
| 082 04 - DEWEY DECIMAL CLASSIFICATION NUMBER |
| Classification number |
791.4334 |
| Edition number |
23 |
| 092 ## - LOCALLY ASSIGNED DEWEY CALL NUMBER (OCLC) |
| Classification number |
junior nonfiction |
| Item number |
J 791.43 Disney |
| 100 1# - MAIN ENTRY--PERSONAL NAME |
| Personal name |
Dakin, Glenn, |
| Relator term |
author. |
| 9 (RLIN) |
57785 |
| 245 10 - TITLE STATEMENT |
| Title |
Disney villains : |
| Remainder of title |
the essential guide to the evilest of them all / |
| Statement of responsibility, etc |
written by Glenn Dakin and Victoria Saxon. |
| 250 ## - EDITION STATEMENT |
| Edition statement |
American edition. |
| 250 ## - EDITION STATEMENT |
| Edition statement |
[Revised edition]. |
| 264 #1 - Production, Publication, Distribution, Manufacture, and Copyright Notice. |
| Place of production, publication, distribution, manufacture |
New York, NY : |
| Name of producer, publisher, distributor, manufacturer |
DK Publishing, |
| Date of production, publication, distribution, manufacture, or copyr |
2020. |
| 264 #4 - Production, Publication, Distribution, Manufacture, and Copyright Notice. |
| Date of production, publication, distribution, manufacture, or copyr |
©2020. |
| 300 ## - PHYSICAL DESCRIPTION |
| Extent |
93 pages : |
| Other physical details |
color illustrations ; |
| Dimensions |
29 cm. |
| 336 ## - Content Type |
| Content type term |
text |
| 336 ## - Content Type |
| Content type term |
still image |
| 337 ## - Media type |
| Media type term |
unmediated |
| 338 ## - Carrier type |
| Carrier type term |
volume |
| 505 0# - FORMATTED CONTENTS NOTE |
| Formatted contents note |
Ursula -- Jafar -- Maleficent -- Captain Hook -- Gaston -- Evil Queen -- Scar -- Cruella de Vil -- Shere Khan -- Prince Hans -- Pixar Rivals -- Emperor Zurg -- Lotso -- Syndrome -- Evelyn Deavor -- Charles F. Muntz -- Chef Skinner -- Ernesto de la Cruz. |
| 520 ## - SUMMARY, ETC. |
| Summary, etc |
The essential guide to more than 50 of the most villainous Disney and Disney Pixar movie characters. |
| 650 #0 - SUBJECT ADDED ENTRY--TOPICAL TERM |
| Topical term or geographic name as entry element |
Villains in motion pictures |
| Form subdivision |
Juvenile literature. |
| 9 (RLIN) |
6355186 |
| 650 #0 - SUBJECT ADDED ENTRY--TOPICAL TERM |
| Topical term or geographic name as entry element |
Disney characters |
| Form subdivision |
Juvenile literature. |
| 9 (RLIN) |
5712585 |
| 650 #0 - SUBJECT ADDED ENTRY--TOPICAL TERM |
| Topical term or geographic name as entry element |
Cartoon characters |
| Form subdivision |
Juvenile literature. |
| 9 (RLIN) |
5680775 |
| 650 #0 - SUBJECT ADDED ENTRY--TOPICAL TERM |
| Topical term or geographic name as entry element |
Animated films |
| Geographic subdivision |
United States |
| General subdivision |
Themes, motives |
| Form subdivision |
Juvenile literature. |
| 9 (RLIN) |
6403812 |
| 650 #1 - SUBJECT ADDED ENTRY--TOPICAL TERM |
| Topical term or geographic name as entry element |
Animated films. |
| 655 #7 - INDEX TERM--GENRE/FORM |
| Genre/form data or focus term |
illustrated books. |
| Source of term |
aat |
| 9 (RLIN) |
5969845 |
| 655 #7 - INDEX TERM--GENRE/FORM |
| Genre/form data or focus term |
Informational works. |
| Source of term |
fast |
| 9 (RLIN) |
5784582 |
| 655 #7 - INDEX TERM--GENRE/FORM |
| Genre/form data or focus term |
Illustrated works. |
| Source of term |
fast |
| 9 (RLIN) |
5735598 |
| 655 #7 - INDEX TERM--GENRE/FORM |
| Genre/form data or focus term |
Juvenile works. |
| Source of term |
fast |
| 9 (RLIN) |
5673941 |
| 655 #7 - INDEX TERM--GENRE/FORM |
| Genre/form data or focus term |
Informational works. |
| Source of term |
lcgft |
| 9 (RLIN) |
5784582 |
| 655 #7 - INDEX TERM--GENRE/FORM |
| Genre/form data or focus term |
Illustrated works. |
| Source of term |
lcgft |
| 9 (RLIN) |
5735598 |
| 655 #7 - INDEX TERM--GENRE/FORM |
| Genre/form data or focus term |
Documents d'information. |
| Source of term |
rvmgf |
| 9 (RLIN) |
6477992 |
| 655 #7 - INDEX TERM--GENRE/FORM |
| Genre/form data or focus term |
Ouvrages illustrés. |
| Source of term |
rvmgf |
| 9 (RLIN) |
6464870 |
| 700 1# - ADDED ENTRY--PERSONAL NAME |
| Personal name |
Saxon, Victoria, |
| Relator term |
author. |
| 9 (RLIN) |
46098 |
| 710 2# - ADDED ENTRY--CORPORATE NAME |
| Corporate name or jurisdiction name as entry element |
Walt Disney Enterprises. |
| 9 (RLIN) |
7202 |
| 776 08 - ADDITIONAL PHYSICAL FORM ENTRY |
| Display text |
Online version: |
| Main entry heading |
Dakin, Glenn. |
| Title |
Villains. |
| Edition |
American edition. |
| Place, publisher, and date of publication |
New York : DK Publishing, 2020 |
| International Standard Book Number |
9780744034844 |
| Record control number |
(OCoLC)1193978403. |
| 942 ## - ADDED ENTRY ELEMENTS (KOHA) |
| Source of classification or shelving scheme |
Dewey Decimal Classification |
| Koha item type |
BOOK |